LEADER 01128nam 2200301Ia 450 001 996389787703316 005 20221108044553.0 035 $a(CKB)1000000000643042 035 $a(EEBO)2248556698 035 $a(OCoLC)12259197 035 $a(EXLCZ)991000000000643042 100 $a19850712d1667 uy 0 101 0 $aeng 135 $aurbn||||a|bb| 200 14$aThe English princess, or, The death of Richard the III$b[electronic resource] $ea tragedy written in the year 1666, and acted at His Highness the Duke of York's Theatre 210 $aLondon, $cPrinted for Thomas Dring, and are to be sold at his shop ...$d1667 215 $a[4], 65 p 300 $aWritten by John Caryll. Cf. BM. 300 $aOn t.p.: "Licensed, May 22, 1667. Roger L'Estrange." 300 $aReproduction of originals in: British Library, Trinty College (Dublin, Ireland) Library. 330 $aeebo-0179 700 $aCaryll$b John$f1625-1711.$01004294 801 0$bEAE 801 1$bEAE 906 $aBOOK 912 $a996389787703316 996 $aThe English princess, or, The death of Richard the III$92334659 997 $aUNISA LEADER 01500nam a22003131i 4500 001 991000425429707536 005 20040828104837.0 008 040920s1993 it ita 035 $ab13218967-39ule_inst 035 $aARCHE-116520$9ExL 040 $aSet. Economia$bita$cA.t.i. Arché s.c.r.l. Pandora Sicilia s.r.l. 082 04$a332.0285 245 00$aApplicazioni di sistemi esperti e reti neurali in campo finanziario /$ca cura di Christian Nottola, Cecilia Rossignoli ; Università cattolica del Sacro Cuore, Osservatorio sui sistemi esperti ; Banque de France 246 13$aAnalyse des experiences operationnelles des systemes experts bancaires en Europe 260 $aMilano :$bAngeli,$cc1993 300 $a427 p. ;$c23 cm 490 $aInformatica & organizzazioni 500 $aAtti del Convegno tenuto a Milano nel 1993 650 4$aSistema esperto$xImpiego nelle operazioni finanziarie$xCongressi$zMilano$y1993 700 1 $aRossignoli, Cecilia 700 1 $aNottola, Christian 710 2 $aOsservatorio sui sistemi esperti nel mondo bancario e finanziario 710 2 $aBanque de France 907 $a.b13218967$b11-05-18$c23-09-04 912 $a991000425429707536 945 $aLE025 ECO 332 NOT01.02$g1$i2025000197664$lle025$nCatalogato 2018$o-$pE0.00$q-$rl$s- $t0$u0$v0$w0$x0$y.i13875115$z23-09-04 996 $aApplicazioni di sistemi esperti e reti neurali in campo finanziario$9416334 997 $aUNISALENTO 998 $ale025$b23-09-04$cm$da $e-$fita$git $h0$i1